| 000 | 00338 a2200109 4500 | ||
|---|---|---|---|
| 020 | _a812192605X | ||
| 082 | _a624 KHU | ||
| 100 | _aKhurmi, R. S. | ||
| 245 |
_aCivil Engineering Conventional and Objective type _cR. S. Khurmi, J. K. Gupta |
||
| 260 |
_aNew Delhi : _bEurasia Publishing House, _c2000 |
||
| 300 |
_axi, 659p. : _bill. ; _c26 cm |
||
| 650 | _aCivil Engineering | ||
| 999 |
_c962 _d962 |
||